Wiener Leben Potpourri über Wiener Lieder und Tänze : Salonorchestr /

Hlavní autor: Komzák, Karel, 1823-1893
Jazyk: Nelze použít, není lingvistický obsah
Vydáno: [s. l. : s. n., asi 1890]
Fyzický popis: 7 hlasů
Hudebniny Hudebniny
Uloženo v:
LEADER 00753ncm a22002052a 4500
001 001098720
003 CZ BrMZK
005 20110516130532.0
007 qu
008 100526q1890 xx |||||||||||||||||zxx d
040 |a BOA001  |b cze 
072 7 |a 785  |x Instrumentální hudba. Symfonická hudba. Hudba pro více nástrojů  |2 Konspekt  |9 9 
100 1 |a Komzák, Karel,  |d 1823-1893  |7 ola2002101301  |4 cmp 
245 1 0 |a Wiener Leben  |h [hudebnina] :  |b Potpourri über Wiener Lieder und Tänze : Salonorchestr /  |c Karel Komzák 
260 |a [s. l. :  |b s. n.,  |c asi 1890]  |f typ. Eberle 
300 |a 7 hlasů 
910 |a BOA001  |b Mus3-0586.883 
990 |a MU 
991 |b 201005 
996 6 |b 2619452119  |c Mus3-0586.883  |l MZK  |r Sklad / do 1 hodiny  |n 0  |w 001124752  |u 000010  |a 1  |e BOA001  |j MZK50  |s P